[Event "IHEM 2006"]
[Site "Hamburg"]
[Date "2006.06.06"]
[Round "5.11"]
[White "Engelbert, Christoph"]
[Black "Van Delft, Merijn"]
[Result "1/2-1/2"]
[WhiteElo "2227"]
[BlackElo "2372"]
[PlyCount "100"]
[EventDate "2006.??.??"]

1. e4 c6 2. d4 d5 3. exd5 cxd5 4. Bd3 Nc6 5. c3 Nf6 6. Bf4 g6 7. Nf3 Bg7 8. O-O
O-O 9. Nbd2 Nh5 10. Be3 Qd6 11. Re1 Nf4 12. Bxf4 Qxf4 13. Qb3 Qd6 14. Rad1 Rb8
15. h3 b5 16. a3 a5 17. Bxb5 Na7 18. a4 e6 19. c4 dxc4 20. Nxc4 Qd5 21. Nxa5
Qxb3 22. Nxb3 Nxb5 23. axb5 Rxb5 24. Nc5 Rxb2 25. d5 exd5 26. Rxd5 Bf5 27. Ne4
Rb4 28. Ng3 Be6 29. Rdd1 h6 30. Rb1 Rfb8 31. Rxb4 Rxb4 32. Nf1 Rb2 33. Ne3 Ra2
34. Rd1 Ra1 35. Rxa1 Bxa1 36. Kh2 Bc3 37. g3 Kg7 38. Kg2 Bb4 39. h4 Bc5 40. Ng1
Bd7 41. Ne2 Bc6+ 42. Kh3 h5 43. Nf4 Bf3 44. Kh2 Kf6 45. Nh3 Ke7 46. Ng5 Bc6 47.
Kg1 Ba4 48. Kf1 Bb3 49. Ke2 Bb4 50. Kd3 Be1 1/2-1/2

[Event "IHEM 2006"]
[Site "Hamburg"]
[Date "2006.06.06"]
[Round "5.12"]
[White "Weiss, Siegfried"]
[Black "Lindinger, Markus"]
[Result "1-0"]
[WhiteElo "2126"]
[BlackElo "2322"]
[PlyCount "151"]
[EventDate "2006.??.??"]

1. b3 e5 2. Bb2 Nc6 3. c4 g6 4. Nc3 Bg7 5. g3 d6 6. Bg2 f5 7. d3 Nf6 8. e3 O-O
9. Nge2 Bd7 10. Qd2 a6 11. O-O Rb8 12. a3 b5 13. Nd5 bxc4 14. bxc4 e4 15. Bxf6
Bxf6 16. d4 Bg7 17. Rab1 Be6 18. Rfc1 Bf7 19. Qe1 Qd7 20. f3 exf3 21. Bxf3 Kh8
22. Rxb8 Rxb8 23. Rb1 Qe8 24. Rxb8 Qxb8 25. Qc3 Nd8 26. Qb4 Qxb4 27. axb4 Ne6
28. c5 dxc5 29. bxc5 Be8 30. Nef4 Nxd4 31. exd4 Bxd4+ 32. Kg2 Bxc5 33. Nxc7 Bb5
34. Nxb5 axb5 35. Ne6 Be3 36. Bd5 h6 37. Kf3 Bg1 38. h3 b4 39. Nf4 Kg7 40. Nd3
g5 41. Nxb4 h5 42. Nd3 Kf6 43. Bb3 Ba7 44. Kg2 Bb8 45. Bd1 Kg6 46. Ba4 Bd6 47.
Be8+ Kh6 48. Kf2 Bc7 49. Bf7 Bd6 50. Kg2 Bc7 51. Nc5 Bd6 52. Ne6 Be5 53. Be8
Bf6 54. Nc7 Be5 55. Nd5 h4 56. g4 fxg4 57. hxg4 Kg7 58. Nb4 Kf6 59. Nd3 Bc3 60.
Bc6 Ke6 61. Kf3 Kd6 62. Ba8 Ke6 63. Ke3 Kf6 64. Bg2 Ba5 65. Ke4 Bc3 66. Kd5 Bd2
67. Nc5 Bc1 68. Ne4+ Kg6 69. Ke6 Be3 70. Bf1 Bc1 71. Nd6 Kg7 72. Kf5 Be3 73.
Ne4 Kh6 74. Kf6 Bd4+ 75. Kf7 Be5 76. Nf6 1-0

[Event "IHEM 2006"]
[Site "Hamburg"]
[Date "2006.06.06"]
[Round "5.13"]
[White "Putzbach, Gerd"]
[Black "Schulz, Hans Juergen"]
[Result "1-0"]
[WhiteElo "2257"]
[BlackElo "2040"]
[PlyCount "53"]
[EventDate "2006.??.??"]

1. e4 c6 2. d4 d5 3. e5 Bf5 4. Nc3 e6 5. g4 Bg6 6. Nge2 f6 7. h4 fxe5 8. dxe5
Nd7 9. f4 Bc5 10. h5 Bf7 11. Na4 Be7 12. g5 Qa5+ 13. Nac3 O-O-O 14. Bd2 Qc7 15.
Ng3 Nxe5 16. fxe5 Qxe5+ 17. Nce2 Bxg5 18. Bxg5 Qxg5 19. Qd2 Qxd2+ {(=)} 20.
Kxd2 Nf6 21. Bh3 Kb8 22. h6 Ne8 23. Raf1 Nd6 24. hxg7 Rhg8 25. Rxf7 Nxf7 26.
Bxe6 Rxg7 27. Nh5 1-0

[Event "IHEM 2006"]
[Site "Hamburg"]
[Date "2006.06.06"]
[Round "5.14"]
[White "Albers, Andreas"]
[Black "Sternberg, Lew"]
[Result "1/2-1/2"]
[WhiteElo "1995"]
[BlackElo "2072"]
[PlyCount "147"]
[EventDate "2006.??.??"]

1. d4 d5 2. c4 e6 3. Nc3 Nf6 4. cxd5 exd5 5. Bg5 Be7 6. e3 c6 7. Qc2 Be6 8. Bd3
Nbd7 9. Nge2 h6 10. Bf4 Nh5 11. h3 g5 12. Bh2 Ng7 13. Ng3 Nb6 14. Nf5 Nxf5 15.
Bxf5 Qd7 16. Bd3 O-O-O 17. Nb5 Bb4+ 18. Kd1 Rdf8 19. Nxa7+ Kd8 20. Qb3 Qe7 21.
Rc1 Nc4 22. a3 Ba5 23. Nxc6+ bxc6 24. Qb8+ Bc8 25. Bxc4 dxc4 26. Bd6 Qe4 27.
Ke2 Qd3+ 28. Kf3 f5 29. Qa7 g4+ 30. hxg4 Qe4+ 31. Kg3 f4+ 32. Kh2 Bd2 33. Qc7+
Ke8 34. Qxc8+ Kf7 35. Qc7+ Kg6 36. Bxf8 Rxf8 37. Rxc4 Rf6 38. Qc8 Kg7 39. Rc5
fxe3 40. Qc7+ Kg6 41. f3 Qxd4 42. Rxc6 e2 43. Rxf6+ Kxf6 44. Qc6+ Kf7 45. Qb7+
Kf8 46. Qc8+ Ke7 47. Qb7+ Kf8 48. Qa8+ Kf7 49. Qe4 Qxe4 50. fxe4 e1=Q 51. Rxe1
Bxe1 {(=)} 52. g3 Ke6 53. Kg2 Ke5 54. Kf3 Bd2 55. b4 Bc1 56. a4 Bd2 57. b5 Ba5
58. Ke3 Bc7 59. Kd3 Bb6 60. Kc4 Kxe4 61. Kb4 Kd5 62. a5 Bf2 63. b6 Kc6 64. Kc4
{(=)} Be1 65. Kd4 Bxa5 66. Ke4 Bxb6 67. Kf4 Kd5 68. g5 Be3+ 69. Kxe3 hxg5 70.
Kf3 Ke5 71. Kg4 Kf6 72. Kh5 Kf5 73. Kh6 Kg4 74. Kg6 1/2-1/2

[Event "IHEM 2006"]
[Site "Hamburg"]
[Date "2006.06.08"]
[Round "6.3"]
[White "Kekelidze, Mikheil"]
[Black "Kopylov, Mihail"]
[Result "0-1"]
[WhiteElo "2528"]
[BlackElo "2463"]
[PlyCount "108"]
[EventDate "2006.??.??"]

1. e4 Nf6 2. e5 Nd5 3. d4 d6 4. c4 Nb6 5. exd6 cxd6 6. Nc3 g6 7. Be3 Bg7 8. Rc1
O-O 9. b3 e5 10. dxe5 dxe5 11. Qxd8 Rxd8 12. c5 N6d7 13. Bc4 Nc6 14. Nf3 Na5
15. Be2 b6 16. cxb6 Nxb6 17. O-O Bb7 {(=)} 18. Rfd1 Nc6 19. Nb5 Nd5 20. Bg5 Rd7
21. Bc4 Ncb4 22. a3 Na2 23. Rc2 a6 24. Rxa2 axb5 25. Bxb5 Rc7 26. Rad2 h6 27.
Bc4 Nc3 28. Rd8+ Kh7 29. Rxa8 Bxa8 30. Rd8 Bxf3 31. Bd2 Bd1 32. Bxc3 Bxb3 33.
Bxb3 Rxc3 34. Bd1 Rxa3 35. h4 e4 36. h5 Ra1 37. hxg6+ Kxg6 38. Kf1 f5 39. Ke2
Bc3 40. Rd5 Kf6 41. g3 Ke6 42. Rd8 Rb1 43. Rc8 Bd4 44. Rc2 Bxf2 45. Rc6+ Kd5
46. Rg6 Rb2+ 47. Kf1 Be3 48. Be2 Ke5 49. Rg8 Bc5 50. Re8+ Kd4 51. Re6 Ke3 52.
Bh5 Rh2 53. Rxh6 Kd3 54. Rh7 e3 0-1

[Event "IHEM 2006"]
[Site "Hamburg"]
[Date "2006.06.08"]
[Round "6.7"]
[White "Jacoby, Gisbert"]
[Black "Meyer, Falko"]
[Result "1/2-1/2"]
[WhiteElo "2225"]
[BlackElo "2322"]
[PlyCount "37"]
[EventDate "2006.??.??"]

1. e4 c5 2. Nf3 e6 3. d4 cxd4 4. Nxd4 a6 5. c4 Qc7 6. a3 Nc6 7. Be3 Nge7 8. Nc3
Nxd4 9. Qxd4 Nc6 10. Qb6 Qb8 11. Qb3 Be7 12. Na4 Qe5 13. Nb6 Rb8 14. O-O-O O-O
15. g3 d5 16. Bf4 Bg5 17. Bxg5 Qxg5+ 18. f4 dxc4 19. Qe3 {(=)} 1/2-1/2

[Event "IHEM 2006"]
[Site "Hamburg"]
[Date "2006.06.08"]
[Round "6.8"]
[White "Van Delft, Merijn"]
[Black "Weiss, Siegfried"]
[Result "1-0"]
[WhiteElo "2372"]
[BlackElo "2126"]
[PlyCount "51"]
[EventDate "2006.??.??"]

1. e4 e6 2. d4 c5 3. Nf3 cxd4 4. Nxd4 Nf6 5. Nc3 Nc6 6. Ndb5 Bb4 7. a3 Bxc3+ 8.
Nxc3 d5 9. Bd3 dxe4 10. Nxe4 Nxe4 11. Bxe4 Qxd1+ 12. Kxd1 Bd7 13. Be3 O-O 14.
Kc1 e5 15. b3 Be6 16. g3 Rac8 {(=)} 17. Kb2 b6 18. f4 f5 19. Bd3 Bd5 20. Rhd1
Rcd8 21. Bb5 exf4 22. Bxf4 Bf3 23. Rxd8 Rxd8 24. Re1 Kf8 25. Re3 Be4 26. Rxe4
1-0

[Event "IHEM 2006"]
[Site "Hamburg"]
[Date "2006.06.08"]
[Round "6.9"]
[White "Bodnar, Alexander"]
[Black "Putzbach, Gerd"]
[Result "1-0"]
[WhiteElo "2398"]
[BlackElo "2257"]
[PlyCount "163"]
[EventDate "2006.??.??"]

1. d4 d5 2. Nf3 c6 3. c4 e6 4. Nbd2 f5 5. Ne5 Nf6 6. e3 Be7 7. Be2 Nbd7 8. Ndf3
O-O 9. O-O Ne4 10. Qb3 Qc7 11. Rd1 Bf6 12. Nxd7 Bxd7 13. Bd2 Rae8 14. Rac1 Qb8
15. Be1 Rf7 16. Ne5 Bxe5 17. dxe5 Qxe5 18. Qxb7 Rb8 19. Qxa7 Be8 20. Qa5 Qxb2
21. Bf1 Qb6 22. Qxb6 Rxb6 23. a4 Ra7 24. a5 Rb3 25. Ra1 Kf7 26. Rdb1 Rxb1 27.
Rxb1 Nd6 28. cxd5 exd5 29. Rb6 Ke6 30. f3 Kd7 31. Kf2 Kc7 32. Bc3 g6 33. Kg3 g5
34. Kf2 Bd7 35. Bd3 Bc8 36. Ke1 Bb7 37. Kd2 Nc4+ 38. Bxc4 dxc4 39. Rb4 Ba6 40.
Bd4 Rb7 41. Bb6+ Kd6 42. Rb1 Rd7 43. Kc3 Ke6 44. Bd4 Bb5 45. h4 gxh4 46. Rh1 c5
47. Bxc5 Rd3+ 48. Kb2 Kd5 49. Bb6 Ba4 50. e4+ fxe4 51. fxe4+ Kc6 52. Rc1 Kb5
53. e5 Kb4 54. a6 Rd2+ 55. Kb1 Rxg2 56. a7 Bc6 57. Re1 c3 58. Bd4 Bd5 59. e6
Rg8 60. e7 Bc6 61. Bxc3+ Kb3 62. Be5 Re8 63. Re3+ Kb4 64. Bd6+ Kc4 65. Re5 Bg2
66. Rh5 h3 67. Kb2 h6 68. Kc2 Kd4 69. Kd2 Rc8 70. Bc7 Re8 71. Bd8 Kc4 72. Ke3
Rh8 73. Kf4 Kd4 74. Rxh3 Bc6 75. Rh5 Kc4 76. Ke5 Kc5 77. Kf6+ Kd6 78. Rh2 Kd7
79. Rd2+ Kc8 80. Rc2 Kb7 81. Rxc6 Kxa7 82. Kg7 1-0

[Event "IHEM 2006"]
[Site "Hamburg"]
[Date "2006.06.08"]
[Round "6.10"]
[White "Siebrecht, Sebastian"]
[Black "Bach, Matthias"]
[Result "1-0"]
[WhiteElo "2394"]
[BlackElo "2315"]
[PlyCount "67"]
[EventDate "2006.??.??"]

1. d4 d5 2. Nf3 e6 3. c4 c5 4. cxd5 exd5 5. Nc3 Nc6 6. g3 Nf6 7. Bg2 Be7 8. O-O
O-O 9. Bg5 c4 10. Ne5 Be6 11. b3 Rc8 12. bxc4 dxc4 13. e3 Qa5 14. Nxc6 bxc6 15.
Ne4 Kh8 16. h4 Nxe4 17. Bxe7 Rfe8 18. Bxe4 Rxe7 19. Qc2 Bd5 20. Bf5 Rce8 21.
Rac1 c5 22. Rfd1 Qc7 23. dxc5 Ba8 24. Bh3 Qc6 25. Kh2 Qf3 26. Qf5 Qe2 27. Bf1
Qxa2 28. Bxc4 Qa4 29. Bd5 Bxd5 30. Qxd5 Re5 31. Qxe5 Rxe5 32. c6 Re8 33. c7 Qa2
34. c8=Q 1-0

[Event "IHEM 2006"]
[Site "Hamburg"]
[Date "2006.06.08"]
[Round "6.11"]
[White "Stanke, Juergen"]
[Black "Engelbert, Christoph"]
[Result "1/2-1/2"]
[WhiteElo "2335"]
[BlackElo "2227"]
[PlyCount "79"]
[EventDate "2006.??.??"]

1. g3 g6 2. Bg2 Bg7 3. c4 Nf6 4. Nc3 O-O 5. e4 d6 6. Nge2 Nc6 7. O-O e5 8. d3
Nd4 9. Nxd4 exd4 10. Ne2 c5 11. h3 Rb8 12. f4 b5 13. b3 Nd7 14. Kh2 f5 15. exf5
gxf5 16. Ng1 bxc4 17. bxc4 Nb6 18. a4 Na8 19. Bd2 Qd7 20. Rb1 Rxb1 21. Qxb1 Nb6
22. Qb5 Qd8 23. a5 Bd7 24. Qa6 Nc8 25. Re1 Ba4 26. Nf3 h6 27. Qb7 Qd7 28. Qd5+
Kh7 29. Nh4 Rf6 30. g4 Ne7 31. Qb7 Rf7 32. gxf5 Bf6 33. Qxd7 Bxd7 34. Nf3 Bxf5
35. Bf1 Bd7 36. Rb1 Bc6 37. Bg2 Kg6 38. Ne1 Kf5 39. a6 Bxg2 40. Nxg2 1/2-1/2

[Event "IHEM 2006"]
[Site "Hamburg"]
[Date "2006.06.08"]
[Round "6.12"]
[White "Sternberg, Lew"]
[Black "Ewaldt, Michael"]
[Result "1-0"]
[WhiteElo "2072"]
[BlackElo "2104"]
[PlyCount "135"]
[EventDate "2006.??.??"]

1. e4 c5 2. Nc3 a6 3. f4 e6 4. Nf3 d5 5. d3 Nc6 6. Bd2 Nf6 7. g3 b5 8. Qe2 b4
9. Nd1 dxe4 10. dxe4 Nd4 11. Nxd4 Qxd4 12. Be3 Qd7 13. Bg2 a5 14. c4 bxc3 15.
Nxc3 Ba6 16. Qf3 Rb8 17. Rd1 Qc8 18. Rd2 Be7 19. g4 Nd7 20. Kf2 Bh4+ 21. Kg1
Be1 22. Rd1 Bxc3 23. bxc3 O-O 24. Qf2 Nf6 25. h3 Bb7 26. Qc2 Qc7 27. Kh2 Rfd8 {
(=)} 28. Rxd8+ Rxd8 29. Rb1 Ba6 30. Qa4 Rd3 31. e5 Rxe3 32. Qxa5 Qd7 33. exf6
Qd6 34. Qxa6 Qxf4+ 35. Kg1 gxf6 36. Qc8+ Kg7 37. Qxc5 Qg3 38. Rf1 Re2 39. Qc6
Rxa2 40. Qf3 Qe5 41. Rc1 Qc5+ 42. Kh1 Rf2 43. Qc6 Qe3 44. Rf1 Rc2 45. Rf3 Rc1+
46. Bf1 Qe5 47. c4 Rc2 48. Bg2 Rc1+ 49. Rf1 Qf4 50. Rxc1 Qxc1+ 51. Kh2 Qf4+ 52.
Kg1 Qe3+ 53. Kf1 Qd3+ 54. Kf2 Qd2+ 55. Kg3 Qe1+ 56. Kf3 Qd1+ 57. Ke3 Qe1+ 58.
Kd3 Qb1+ 59. Kc3 Qa1+ 60. Kb4 Qb2+ 61. Ka5 Qc3+ 62. Ka6 Qa3+ 63. Kb7 Qe7+ 64.
Kc8 Qf8+ 65. Kd7 Qb4 66. c5 Qd4+ 67. Ke8 Qb2 68. Qb7 1-0

[Event "IHEM 2006"]
[Site "Hamburg"]
[Date "2006.06.09"]
[Round "7.1"]
[White "Kopylov, Michael"]
[Black "Lanka, Zigurds"]
[Result "1/2-1/2"]
[WhiteElo "2463"]
[BlackElo "2510"]
[PlyCount "20"]
[EventDate "2006.??.??"]

1. d4 Nf6 2. c4 g6 3. Nc3 d5 4. Nf3 Bg7 5. Bf4 c6 6. e3 O-O 7. h3 Be6 8. cxd5
cxd5 9. Bd3 Nc6 10. O-O Rc8 1/2-1/2

[Event "IHEM 2006"]
[Site "Hamburg"]
[Date "2006.06.09"]
[Round "7.3"]
[White "Saltaev, Mihail"]
[Black "Kekelidze, Mikheil"]
[Result "1-0"]
[WhiteElo "2500"]
[BlackElo "2528"]
[PlyCount "55"]
[EventDate "2006.??.??"]

1. e4 c5 2. Nf3 e6 3. d4 cxd4 4. Nxd4 a6 5. Nc3 Qc7 6. Bd3 Nf6 7. Be3 Bb4 8.
O-O Bxc3 9. bxc3 d6 10. Qf3 e5 11. Nf5 Bxf5 12. exf5 Nbd7 13. Rab1 Qxc3 14.
Rxb7 O-O 15. Rb3 Qa5 16. g4 Rfe8 17. Qh3 e4 18. Be2 Nd5 19. Bc1 Qxa2 20. Bc4
N7f6 21. Bxd5 Nxd5 22. Bb2 Qa4 23. g5 Rac8 24. Ra1 Qc4 25. Bxg7 Kxg7 26. Qh6+
Kh8 27. Rh3 Nf6 28. gxf6 1-0

[Event "IHEM 2006"]
[Site "Hamburg"]
[Date "2006.06.09"]
[Round "7.5"]
[White "Souleidis, Georgios"]
[Black "Löffler, Stefan"]
[Result "1/2-1/2"]
[WhiteElo "2435"]
[BlackElo "2437"]
[PlyCount "111"]
[EventDate "2006.??.??"]

1. e4 e5 2. Nf3 Nf6 3. Nxe5 d6 4. Nf3 Nxe4 5. Nc3 Nf6 6. d4 Be7 7. Bg5 O-O 8.
Qd2 d5 9. O-O-O Ne4 10. Bxe7 Qxe7 11. Qe3 Re8 12. Nxd5 Qd8 13. Ne5 Nd6 14. Qc3
c6 15. Ne3 Be6 16. Bd3 a5 17. Kb1 Na6 18. Bxa6 Rxa6 19. Qd3 a4 20. f4 f6 21.
Nf3 Ne4 22. Rhf1 Bf7 23. Nd2 Nd6 24. Rde1 Ra5 25. g4 b5 26. c3 Ra7 27. Nc2 Rae7
28. f5 Nc4 29. Rg1 Qd6 30. Rxe7 Rxe7 31. Nxc4 Bxc4 32. Qg3 Qxg3 33. Rxg3 Re2
34. h3 Bb3 35. axb3 axb3 36. Rd3 Rxc2 37. d5 Rh2 38. Kc1 Rc2+ 39. Kb1 Rh2 40.
Kc1 Rh1+ 41. Kd2 cxd5 42. Rxd5 Rh2+ 43. Kc1 Rxh3 44. Rxb5 Rh1+ 45. Kd2 Rh2+ 46.
Kc1 Rc2+ 47. Kb1 Rg2 48. Rxb3 Rxg4 49. Rb8+ Kf7 50. b4 Rg5 51. b5 Rxf5 52. Kc2
Ke6 53. b6 Kd6 54. Rg8 Kc6 55. Rxg7 Kxb6 56. Rxh7 1/2-1/2

[Event "IHEM 2006"]
[Site "Hamburg"]
[Date "2006.06.09"]
[Round "7.6"]
[White "Bobras, Piotr"]
[Black "Jacoby, Gisbert"]
[Result "1-0"]
[WhiteElo "2535"]
[BlackElo "2225"]
[PlyCount "125"]
[EventDate "2006.??.??"]

1. e4 e6 2. d4 d5 3. Nc3 Nf6 4. e5 Nfd7 5. f4 c5 6. Nf3 Nc6 7. Be3 Qb6 8. Na4
Qa5+ 9. c3 c4 10. b4 Qc7 11. Nb2 Be7 12. Be2 f5 13. h3 a5 14. b5 Nd8 15. a4 Nf8
16. Qd2 Nf7 17. Nd1 h6 18. g4 Rg8 19. Rg1 fxg4 20. hxg4 g5 21. Nf2 gxf4 22.
Bxf4 Bg5 23. Nxg5 Nxg5 24. Rh1 Qf7 25. Rh5 Bd7 26. O-O-O O-O-O 27. Rdh1 Qe7 28.
Kb2 Be8 29. Rxh6 Nfh7 30. Bd1 Bg6 31. Nh3 Be4 32. Nxg5 Nxg5 33. R1h5 Nf7 34.
Rf6 Bg6 35. Rh2 Rg7 36. Bh6 Rgg8 37. Be3 Rg7 38. Bf2 Rdg8 39. Bh4 Qe8 40. Rff2
Rh7 41. Bf6 Nh8 42. Rxh7 Bxh7 43. Rh2 Bg6 44. Qc1 Nf7 45. Qa1 Qf8 46. Qa3 Qxa3+
47. Kxa3 Be4 48. Kb2 Ng5 49. Rh8 Rxh8 50. Bxh8 Bf3 51. Bxf3 Nxf3 52. Bf6 Ne1
53. g5 Nd3+ 54. Kc2 Nf4 55. Kd2 Kd7 56. Ke3 Nd3 57. g6 Ke8 58. Bd8 Nb2 59. Bxa5
Nxa4 60. Bb4 Nb2 61. Kf4 Nd3+ 62. Kg5 Nxb4 63. Kh6 1-0

[Event "IHEM 2006"]
[Site "Hamburg"]
[Date "2006.06.09"]
[Round "7.7"]
[White "Bodnar, Alexander"]
[Black "Siebrecht, Sebastian"]
[Result "0-1"]
[WhiteElo "2398"]
[BlackElo "2394"]
[PlyCount "110"]
[EventDate "2006.??.??"]

1. d4 Nf6 2. Nf3 e6 3. g3 b5 4. a4 b4 5. Bg2 Bb7 6. O-O c5 7. c4 cxd4 8. Nxd4
Bxg2 9. Kxg2 Qb6 10. f3 Nc6 11. Nb3 Ne5 12. c5 Bxc5 13. a5 Qb5 14. Nxc5 Qxc5
15. Nd2 O-O 16. Nb3 Qe7 17. Qd4 Nc6 18. Qf2 Rfc8 19. Be3 e5 20. Rfd1 h6 21. a6
d5 22. Bc5 Qe6 23. Na5 Nxa5 24. Rxa5 d4 25. e3 Qb3 26. Rd2 Nd5 27. exd4 Ne3+
28. Kg1 Nc4 29. Rb5 Nxd2 30. Qxd2 exd4 31. Rxb4 Qxf3 32. Bxd4 Re8 33. Bf2 Re2
34. Rf4 Rxd2 35. Rxf3 Rxb2 36. Ra3 Rc8 37. Ra1 Rcc2 38. Bxa7 Ra2 39. Rxa2 Rxa2
40. Bf2 Rxa6 41. Kg2 Ra2 42. Kf3 f5 43. h3 g5 44. Bd4 Kf7 45. Be5 Ke6 46. Bg7
h5 47. Bd4 Kd5 48. Bf6 Ra3+ 49. Kg2 g4 50. hxg4 hxg4 51. Bg5 Ke4 52. Bf4 Ra2+
53. Kg1 Kf3 54. Kh1 Kf2 55. Kh2 Ra7 0-1

[Event "IHEM 2006"]
[Site "Hamburg"]
[Date "2006.06.09"]
[Round "7.8"]
[White "Meyer, Falko"]
[Black "van Delft, Merijn"]
[Result "1/2-1/2"]
[WhiteElo "2322"]
[BlackElo "2372"]
[PlyCount "20"]
[EventDate "2006.??.??"]

1. e4 g6 2. Nf3 Bg7 3. d3 d6 4. c3 Nd7 5. g3 e5 6. Bg2 Ne7 7. O-O O-O 8. Nh4
Kh8 9. f4 exf4 10. Bxf4 f5 1/2-1/2

[Event "IHEM 2006"]
[Site "Hamburg"]
[Date "2006.06.09"]
[Round "7.9"]
[White "Weiss, Siegfried"]
[Black "Stanke, Juergen"]
[Result "0-1"]
[WhiteElo "2126"]
[BlackElo "2335"]
[PlyCount "43"]
[EventDate "2006.??.??"]

1. b3 e5 2. Bb2 Nc6 3. e3 Nf6 4. c4 d5 5. cxd5 Nxd5 6. a3 Bd6 7. Ne2 O-O 8. g3
Be6 9. Bg2 f5 10. Nbc3 Nxc3 11. dxc3 Qe7 12. Qc2 f4 13. gxf4 exf4 14. Bxc6 bxc6
15. e4 f3 16. Ng3 Bf4 17. Nh5 Qf7 18. Nxf4 Bxb3 19. Qd3 Qxf4 20. c4 Rad8 21.
Qxb3 Qd2+ 22. Kf1 0-1

[Event "IHEM 2006"]
[Site "Hamburg"]
[Date "2006.06.09"]
[Round "7.10"]
[White "Sternberg, Lew"]
[Black "Lindinger, Markus"]
[Result "1-0"]
[WhiteElo "2072"]
[BlackElo "2322"]
[PlyCount "101"]
[EventDate "2006.??.??"]

1. e4 c5 2. Nc3 Nc6 3. f4 g6 4. Nf3 Bg7 5. g3 d6 6. h3 e6 7. d3 Nge7 8. Be3 Nd4
9. Bg2 O-O 10. g4 f5 11. Qd2 Rb8 12. Nd1 b5 13. c3 Nxf3+ 14. Bxf3 b4 15. c4 Nc6
16. exf5 Nd4 17. Bxd4 Bxd4 18. fxg6 Qh4+ 19. Ke2 hxg6 20. Ne3 Rxf4 21. Raf1 {
(=)} Qf6 22. g5 Qe5 23. Be4 Bb7 24. Ng4 Rxe4+ 25. dxe4 Qxe4+ 26. Kd1 Qb1+ 27.
Ke2 Qe4+ 28. Kd1 Qb1+ 29. Ke2 Qxa2 30. Nh6+ Kh8 31. Rh2 Qxc4+ 32. Ke1 Ba6 33.
Rf7 Be5 34. Rg2 Qe4+ 35. Kd1 Qb1+ 36. Qc1 Qd3+ 37. Qd2 Qb1+ 38. Qc1 Qd3+ 39.
Qd2 Qxh3 40. Ng4 Qh1+ 41. Qe1 Qh5 42. Qe4 Kg8 43. Qf3 Qh1+ 44. Kc2 b3+ 45. Kd2
Qxg2+ 46. Qxg2 Kxf7 47. Qc6 Bf4+ 48. Kc3 Rb7 49. Qxa6 Rc7 50. Qf1 e5 51. Qh3
1-0

[Event "IHEM 2006"]
[Site "Hamburg"]
[Date "2006.06.09"]
[Round "7.11"]
[White "Engelbert, Christoph"]
[Black "Zierke, Oliver"]
[Result "0-1"]
[WhiteElo "2227"]
[BlackElo "2294"]
[PlyCount "54"]
[EventDate "2006.??.??"]

1. e4 c5 2. c3 d5 3. exd5 Qxd5 4. d4 cxd4 5. cxd4 e6 6. Nf3 Nf6 7. Bd3 Nc6 8.
O-O Be7 9. Nc3 Qd6 10. Bg5 O-O 11. Rc1 Rd8 12. Nb5 Qd7 13. Ne5 Nxe5 14. Rc7 Qd5
15. dxe5 Qxe5 16. Rxe7 Qxg5 17. Bxh7+ Kxh7 18. Qxd8 Bd7 19. Qxa8 Bc6 20. g3 Qd5
21. f3 Qc5+ 22. Kg2 Qc2+ 23. Rf2 Bxf3+ 24. Kg1 Qc1+ 25. Rf1 Qc5+ 26. Rf2 Ng4
27. Qxa7 b6 0-1

[Event "IHEM 2006"]
[Site "Hamburg"]
[Date "2006.06.09"]
[Round "7.12"]
[White "Bach, Matthias"]
[Black "Putzbach, Gerd"]
[Result "1-0"]
[WhiteElo "2315"]
[BlackElo "2257"]
[PlyCount "123"]
[EventDate "2006.??.??"]

1. d4 d5 2. c4 dxc4 3. Nf3 c6 4. Nc3 e6 5. g3 b5 6. Bg2 Bb4 7. O-O Bb7 8. Ne5
f6 9. Ng4 Qd7 10. e4 Ne7 11. Ne3 O-O 12. Nc2 a5 13. Qe2 Na6 14. Rd1 Rfe8 15.
Be3 Rad8 16. h4 Nc7 17. h5 h6 18. a3 Bxc3 19. bxc3 a4 20. Bf4 Na6 21. Ne3 Kh7
22. Bh3 g5 23. hxg6+ Nxg6 24. Kh2 Nxf4 25. gxf4 Qc7 26. e5 f5 27. Qh5 Bc8 28.
Rg1 Rg8 29. Rg3 Rxg3 30. fxg3 Rf8 31. g4 Qf7 32. Qxf7+ Rxf7 33. gxf5 exf5 34.
d5 cxd5 35. Nxd5 Nc5 36. Rb1 Nb3 37. Nf6+ Kh8 38. Rg1 Rf8 39. Rg6 b4 40. cxb4
Be6 41. Rxh6+ Kg7 42. Rh7+ Kg6 43. Rc7 Rc8 44. Rxc8 Bxc8 45. Nd5 Nd4 46. Bf1
Be6 47. Bxc4 Nf3+ 48. Kg3 Nd2 49. Ne7+ Kf7 50. Bxe6+ Kxe6 51. Nc6 Kd5 52. Na5
Ne4+ 53. Kh4 Nc3 54. Nb7 Nb5 55. Nc5 Nxa3 56. Nxa4 Nc2 57. b5 Nd4 58. b6 Kc6
59. Kg5 Kb7 60. Kf6 Kc6 61. e6 Kd6 62. b7 1-0

[Event "IHEM 2006"]
[Site "Hamburg"]
[Date "2006.06.09"]
[Round "7.13"]
[White "Ewaldt, Michael"]
[Black "Schulz, Hans-Juergen"]
[Result "1/2-1/2"]
[WhiteElo "2104"]
[BlackElo "2040"]
[PlyCount "61"]
[EventDate "2006.??.??"]

1. e4 e5 2. Nf3 d5 3. exd5 e4 4. Qe2 Qe7 5. Nd4 Qe5 6. Nb5 Na6 7. N1c3 Nf6 8.
d4 Qf5 9. f3 Bb4 10. a3 Bxc3+ 11. Nxc3 O-O 12. fxe4 Qg6 13. Bf4 Re8 14. e5 Bf5
15. Qd2 Bxc2 16. Bxa6 bxa6 17. O-O Nh5 18. Rac1 Bf5 19. Rf2 Rab8 20. b4 Rbd8
21. Qe3 Nf6 {(=)} 22. Bg3 Ng4 23. Qf4 Nxf2 24. Bxf2 h6 25. Bh4 Rd7 26. Rf1 Bd3
27. Rf3 Kh7 28. Qe3 Bc4 29. Rg3 Qh5 30. Rh3 Qf5 31. Rf3 {(=)} 1/2-1/2

[Event "IHEM 2006"]
[Site "Hamburg"]
[Date "2006.06.10"]
[Round "8.1"]
[White "Lanka, Zigurds"]
[Black "Saltaev, Mihail"]
[Result "1/2-1/2"]
[WhiteElo "2510"]
[BlackElo "2500"]
[PlyCount "39"]
[EventDate "2006.??.??"]

1. e4 c6 2. d4 d5 3. Nc3 dxe4 4. Nxe4 Bf5 5. Ng3 Bg6 6. h4 h6 7. Nf3 Nd7 8. h5
Bh7 9. Bd3 Bxd3 10. Qxd3 e6 11. Bd2 Qc7 12. O-O-O Ngf6 13. Ne4 O-O-O 14. g3
Nxe4 15. Qxe4 Nf6 16. Qe2 Bd6 17. c4 c5 18. Bc3 cxd4 19. Nxd4 a6 20. Kb1 {(=)}
1/2-1/2

[Event "IHEM 2006"]
[Site "Hamburg"]
[Date "2006.06.10"]
[Round "8.2"]
[White "Berelovich, Aleksandar"]
[Black "Landa, Konstantin"]
[Result "1/2-1/2"]
[WhiteElo "2571"]
[BlackElo "2600"]
[PlyCount "94"]
[EventDate "2006.??.??"]

1. e4 e5 2. Nf3 Nc6 3. Bb5 a6 4. Ba4 Nf6 5. O-O Nxe4 6. d4 b5 7. Bb3 d5 8. dxe5
Be6 9. Nbd2 Be7 10. c3 O-O 11. Bc2 f5 12. Nb3 Qd7 13. Nfd4 Nxd4 14. Nxd4 c5 15.
Nxe6 Qxe6 16. f3 Ng5 17. a4 Rad8 18. Re1 c4 19. axb5 axb5 20. b4 f4 21. Kh1 Qb6
22. Re2 Ne6 23. Bb2 g6 24. Ra2 Kg7 25. Qa1 Nc7 26. Bc1 Ra8 27. Ra5 Rxa5 28.
bxa5 Ra8 29. axb6 Rxa1 30. Re1 Na6 31. Rd1 Bc5 32. b7 Be3 33. Bxe3 Rxd1+ 34.
Bxd1 fxe3 35. Kg1 b4 36. Kf1 bxc3 37. Ke2 d4 38. Ba4 Kf7 39. f4 Nb8 40. g4 Ke6
41. h4 Kd5 42. Kf3 Na6 43. h5 gxh5 44. gxh5 h6 45. Bb5 Nb8 46. Ba4 Na6 47. Bb5
Nb8 1/2-1/2

[Event "IHEM 2006"]
[Site "Hamburg"]
[Date "2006.06.10"]
[Round "8.3"]
[White "Bobras, Piotr"]
[Black "Kopylov, Michael"]
[Result "1-0"]
[WhiteElo "2535"]
[BlackElo "2463"]
[PlyCount "81"]
[EventDate "2006.??.??"]

1. e4 e6 2. d4 d5 3. Nc3 Bb4 4. e5 c5 5. a3 Ba5 6. Qg4 Ne7 7. dxc5 d4 8. b4
dxc3 9. bxa5 Nf5 10. Bd3 O-O 11. Nf3 Nd7 12. Qc4 Qc7 13. Qxc3 Qxc5 14. Bd2 Rd8
15. O-O Qxc3 16. Bxc3 Nc5 17. Bxf5 exf5 18. Rfd1 Be6 19. Bb4 Rxd1+ 20. Rxd1 Nd7
21. Rd6 Rc8 22. a6 bxa6 23. Nd4 Nxe5 24. Rxa6 Rc7 25. f3 Nc4 26. Kf2 h6 27. h4
Kh7 28. Nxe6 fxe6 29. Rxe6 a5 30. Re7 Rxe7 31. Bxe7 Kg6 32. Bc5 Kf6 33. h5 Kg5
34. Ke2 Kxh5 35. Kd3 Ne5+ 36. Kd4 Nd7 37. Kd5 Kg6 38. Bd4 Kf7 39. c4 g5 40. c5
Ke7 41. c6 1-0

[Event "IHEM 2006"]
[Site "Hamburg"]
[Date "2006.06.10"]
[Round "8.4"]
[White "Rogozenko, Dorian"]
[Black "Souleidis, Georgios"]
[Result "1-0"]
[WhiteElo "2532"]
[BlackElo "2435"]
[PlyCount "81"]
[EventDate "2006.??.??"]

1. d4 d5 2. c4 dxc4 3. Nf3 Nf6 4. e3 e6 5. Bxc4 c5 6. Qe2 a6 7. dxc5 Bxc5 8.
O-O b5 9. Bd3 Nc6 10. a3 Bb7 11. b4 Bd6 12. Bb2 O-O 13. Nbd2 Qe7 14. Rac1 Rfc8
15. Rfd1 a5 16. Bb1 e5 17. Ne4 Nxe4 18. Bxe4 axb4 19. axb4 Bxb4 20. Qxb5 Ba6
21. Qb6 Be2 22. Bxc6 Rab8 23. Ba4 Bxd1 24. Rxc8+ Rxc8 25. Bxd1 Qd6 26. Qxd6
Bxd6 27. Kf1 f6 28. h4 Rb8 29. Bc3 g6 30. g4 Rc8 31. Bd2 h6 32. h5 gxh5 33.
gxh5 Rb8 34. Nh4 Rb1 35. Ke2 Rb2 36. Ke1 e4 37. Nf5 Bf8 38. Bc3 Bb4 39. Bxb4
Rxb4 40. Nxh6+ Kh7 41. Nf5 1-0